000 00598nam a2200121Ia 4500
008 220620s9999||||xx |||||||||||||| ||und||
245 0 _aRewilding European Landscapes
546 _aEnglish[eng]
650 _aNature Conservation||Environmental Management||Biodiversity||Landscape Ecology||Applied Ecology
700 _aPereira, Henrique M.||Navarro, Laetitia M.
856 _uhttps://library.oapen.org/bitstream/20.500.12657/28102/1/1001892.pdf||https://library.oapen.org/bitstream/20.500.12657/28102/1/1001892.pdf||https://library.oapen.org/bitstream/20.500.12657/28102/1/1001892.pdf
942 _cEB
999 _c26168
_d26168